Nba Greatest Centers Of All Time - Statistics

General Stats
  • This quiz has been taken 47 times
  • The average score is 8 of 10
Answer Stats
Hint Answer % Correct
Bucks Kareem Abdul-Jabbar
98%
Warriors Wilt Chamberlain
98%
Celtics Bill Russell
93%
Rockets Hakeem Olajuwon
91%
Lakers Shaq
88%
Spurs David Robinson
86%
Knicks Patrick Ewing
81%
76ers Moses Malone
79%
TrailBlazers Bill Walton
63%
Lakers George Mikan
58%
No matching quizzes found
Score Distribution
Percent of People with Each Score
Percentile by Number Answered
Your Score History
You have not taken this quiz